000 00746nam a2200193 i 4500
001 24380
003 ES-MaACL
007 t|
008 021217s1976 xxu ||||1| spa d
245 0 0 _aAntología crítica de la prosa modernista hispanoamericana /
_cselección, introducción y bibliografías de José Olivio Jiménez, Antonio R. de la Campa.
260 _aNew York :
_bEliseo Torres & Sons,
_c[1976]
300 _a399 p. ;
_c21 cm.
490 1 _aTorres library of literary studies ;
_v26
700 0 _aJiménez, José Olivio,
_d1926-2003
_966415
700 1 _aCampa, Antonio R. de la.
_934103
830 0 _aTorres Library of Literary Studies
_v26
_9182740
852 _aES-MaACL
_jL-7028
_bR.107502
999 _c24380
_d24380